LEADER 00910nam a2200229 i 4500 001 000000164732 003 CaOOAMICUS 005 20070925000000.0 008 070925s1960 it u000 u ita u 013 $a142100 040 $aSeMil$bita 100 1 $aViganò, Giovanni Battista.$0(OLS)http://semarc/name/12344 245 10$aCesare Cantù /$cGiovanni Battista Viganò. 260 $aCalolziocorte :$bTipografia L. Passoni,$cstampa 1960. 300 $a152 p. :$briccamente ill. ;$c25 cm. 500 $aIn testa al front. : Dedica autografa. 600 14$aCantù, Cesare <1804-1895>.$0(OLS)http://semarc/subject/9434 850 $aSeMil 852 $aSeMil$W1$xVenegono$y1$m1O VI 284$j248350$B115960$CSeMilBibl$Z2$F126798 $81 961 $aRecupero: Altro 996 $6245$aCesare Cantù$9(OLS)http://semarc/title/64959 996 $6260$aCalolziocorte :$bTipografia L. Passoni$9(OLS)http://semarc/publisher/38867 LEADER 01315nam a2200265 i 4500 001 000000251592 003 CaOOAMICUS 005 20161122000000.0 008 161122s1836 it u000 u ita u 013 $a230497 040 $aSeMil$bita 245 10$aTomo 2. 300 $a1324, [1] p. 773 0 $aPothier, Robert Joseph <1699-1772>$tOpere di G. R. Pothier contenenti i trattati del diritto francese.$dLivorno : Tipografia Vignozzi, 1835-1841.$b1. ed. italiana eseguita su quella pubblicata a Parigi da Dupin Seniore con l'aggiunta d'una dissertazione sulla vita e sulle opere ...$g2$w()5597 850 $aSeMil 852 $aSeMil$W1$xVenegono$y1$m3M IV 18 FA$j201932$B201932$CSeMilBibl$Z2$F214336 $8I 852 $aSeMil$W1$xVenegono$y1$m3M IV 17 FA$j201933$B201933$CSeMilBibl$Z2$F214335 $8I 852 $aSeMil$W1$xVenegono$y1$m3M IV 20 FA$j201936$B201936$CSeMilBibl$Z2$F214338 $8I 852 $aSeMil$W1$xVenegono$y1$m3M IV 16 FA$j201938$B201938$CSeMilBibl$Z2$F214334 $8I 852 $aSeMil$W1$xVenegono$y1$m3M IV 19 FA$j201946$B201946$CSeMilBibl$Z2$F214337 $8I 961 $acontinuazione del tomo 2 961 $acontinuazione del tomo 2 961 $acontinuazione del tomo 2 961 $acontinuazione del tomo 2 996 $6245$aTomo 2$9(OLS)http://semarc/title/49331